Lyrics Verse to Song - Alanis Morissette - Statistics

General Stats
  • This quiz has been taken 15 times
  • The average score is 6 of 14
Answer Stats
Verse Song % Correct
It's like ten thousand spoons when all you need is a knife Ironic
93%
Best friend with benefits Head Over Feet
60%
I'm here, but I'm really gone Hand In My Pocket
53%
I have simply wanted an object to crave Uninvited
53%
What a jagged little pill You Learn
53%
An older version of me You Oughta Know
53%
How 'bout how good it feels to finally forgive you Thank U
40%
Visiting hours are 9 to 5 and if I show up at 10 past 6 Not The Doctor
33%
How many times do I have to tell you to hurry up Perfect
33%
Now that I'm a zillionaire Right Through You
33%
I can be an asshole of the grandest kind Everything
20%
You like snow, but only if it's warm Wake Up
20%
What part of your memory is selective and tends to forget? Hands Clean
13%
You who has soldiered through the profane Guardian
7%
No matching quizzes found
Score Distribution
Percent of People with Each Score
Percentile by Number Answered
Your Score History
You have not taken this quiz